=LDR 00000nam 2200000 4500 =001 INLIS000000000036874 =005 20130612142632 =008 ***********************************Ind** =035 ##$$a0010-061300000036874 =041 ##$$a Ind =082 ##$$a 641.5 =090 ##$$a 641.5, Erw a =100 ##$$a Erwin, Lilly T =245 ##$$a Aroma rasa kuliner nusantara, ikan bakar populer, lilly T Erwin, Intarina Hardiman =260 ##$$a 2010 $b Jakarta =300 ##$$a 56 hlm, ilus, 21 cm =650 ##$$a Masakanpresep =850 ##$$a NBPNMAT =990 ##$$a 91299/BPAP-NTB/2014 =990 ##$$a 0001/BPAP-NTB/20142014